[Event "Maastricht Limburg op-C 5th"]
[Site "Maastricht"]
[Date "2011.06.11"]
[Round "2"]
[White "Van der Wouw, Paul"]
[Black "Disters, Ingrid"]
[Result "1/2-1/2"]
[WhiteElo "1538"]
[BlackElo "1101"]
[PlyCount "46"]
[EventDate "2011.06.10"]
[EventType "swiss"]
[EventRounds "7"]
[EventCountry "NED"]
[SourceTitle "EXT 2012"]
[Source "ChessBase"]
[SourceDate "2011.11.24"]
[SourceVersion "1"]
[SourceVersionDate "2011.11.24"]
[SourceQuality "1"]

1. Nc3 Nf6 2. Nf3 g6 3. d4 d5 4. e3 Bg7 5. Bd3 0-0 6. Bd2 c6 7. Qe2 Bg4 8. h3 Bxf3 9. Qxf3 Nbd7 10. 0-0 e6 11. Qd1 Re8 12. Ne2 Qc7 13. c4 Qd8 14. Rc1 Rc8 15. Bc3 Nb6 16. Ba5 Qe7 17. c5 Nbd7 18. Bc3 Qd8 19. b4 e5 20. Ng3 e4 21. Bc2 b5 22. f3 Bh6 23. f4 a6 1/2-1/2

[Event "Maastricht Limburg op-C 4th"]
[Site "Maastricht"]
[Date "2010.05.24"]
[Round "7"]
[White "Geene, Joris"]
[Black "Van der Wouw, Paul"]
[Result "1/2-1/2"]
[WhiteElo "1600"]
[BlackElo "1606"]
[PlyCount "35"]
[EventDate "2010.05.21"]
[EventType "swiss"]
[EventRounds "7"]
[EventCountry "NED"]
[SourceTitle "EXT 2011"]
[Source "ChessBase"]
[SourceDate "2010.11.26"]
[SourceVersion "1"]
[SourceVersionDate "2010.11.26"]
[SourceQuality "1"]

1. e4 Nf6 2. Nc3 e5 3. Nf3 Nc6 4. Bb5 a6 5. Ba4 d6 6. d3 Be7 7. h3 0-0 8. Be3 b5 9. Bb3 Na5 10. Qd2 Bb7 11. 0-0 Nxb3 12. axb3 Re8 13. Rad1 Bf8 14. Ne2 d5 15. exd5 Nxd5 16. Ng3 Nxe3 17. Qxe3 Qf6 18. Nd2 1/2-1/2

[Event "Maastricht Limburg op-C 4th"]
[Site "Maastricht"]
[Date "2010.05.23"]
[Round "4"]
[White "Van der Wouw, Paul"]
[Black "Beukema, Jasper"]
[Result "1-0"]
[WhiteElo "1606"]
[BlackElo "1098"]
[PlyCount "47"]
[EventDate "2010.05.21"]
[EventType "swiss"]
[EventRounds "7"]
[EventCountry "NED"]
[SourceTitle "EXT 2011"]
[Source "ChessBase"]
[SourceDate "2010.11.26"]
[SourceVersion "1"]
[SourceVersionDate "2010.11.26"]
[SourceQuality "1"]

1. e4 d5 2. exd5 Nf6 3. d4 Nxd5 4. Nf3 Bg4 5. Be2 e6 6. c4 Nf6 7. 0-0 Be7 8. Nc3 0-0 9. Be3 Nbd7 10. Ne5 Nxe5 11. dxe5 Bxe2 12. Qxe2 Nd7 13. Rad1 Bb4 14. Ne4 Qe7 15. a3 Bc5 16. Rxd7 Qxd7 17. Bxc5 Rfd8 18. f4 Qc6 19. Rf3 Rd7 20. Nf6+ gxf6 21. Rg3+ Kh8 22. Be7 Rxe7 23. Qg4 Qc5+ 24. Kh1 1-0